| 000 | 00737nam a22002055i 4500 | ||
|---|---|---|---|
| 001 | 156628 | ||
| 003 | ES-MaACL | ||
| 005 | 20230906210447.0 | ||
| 008 | 040802s1876 fr |||| | fre d | ||
| 040 |
_aCAM _bspa _cCAM |
||
| 100 | 1 |
_aKlaczko, Julian. _9128463 |
|
| 245 | 1 | 0 |
_aDeux chanceliers _b: le Prince Gortchakof et le Prince de Bismarck / _cpar Julian Klaczko. |
| 250 | _a2e éd. | ||
| 260 |
_aParis : _bE. Plon et C., imprimeurs-éditeurs, _c1876. |
||
| 300 |
_a449 p. ; _c21 cm. |
||
| 600 | 1 | 4 |
_aGorchakov, Aleksandre Mikhailovich, 1798-1883- _xBiografías. _9127471 |
| 600 | 1 | 4 |
_aBismarck, Otto _cFürst von- _xBiografías. _9125995 |
| 852 |
_aES-MaACL _jD-4873 _z-- Enc. hol. |
||
| 852 |
_aES-MaACL _jG-12971 _z-- Enc. hol. |
||
| 999 |
_c156628 _d156628 |
||